[Event "Irkutsk Winter op"]
[Site "Irkutsk"]
[Date "2010.03.03"]
[Round "5"]
[White "Krasnopeev, Petr"]
[Black "Danchinov, Viktor"]
[Result "0-1"]
[WhiteElo "2095"]
[BlackElo "2202"]
[PlyCount "63"]
[EventDate "2010.02.27"]
[EventType "swiss"]
[EventRounds "7"]
[EventCountry "RUS"]
[SourceTitle "CBM 135 Extra"]
[Source "ChessBase"]
[SourceDate "2010.05.04"]
[SourceVersion "1"]
[SourceVersionDate "2010.05.04"]
[SourceQuality "1"]

1. d4 d5 2. Nf3 Nf6 3. c4 e6 4. Nc3 c6 5. Bg5 Nbd7 6. cxd5 exd5 7. e3 Be7 8. Bd3 0-0 9. 0-0 Re8 10. Qc2 Nf8 11. a3 Ne4 12. Bf4 g5 13. Bg3 Nxg3 14. fxg3 g4 15. Ne5 f6 16. Bxh7+ Kg7 17. Bg6 fxe5 18. Bxe8 Qxe8 19. dxe5 Be6 20. Ne2 Qg6 21. Qc3 Nd7 22. Nf4 Qh6 23. Rae1 Rh8 24. Kf2 Nc5 25. Qa5 Rd8 26. Qxa7 Bc8 27. Kg1 Ne4 28. e6 Rh8 29. h3 Nxg3 30. Rf2 Ne4 31. Rff1 gxh3 32. gxh3 0-1

[Event "Irkutsk-ch"]
[Site "Irkutsk"]
[Date "2009.12.22"]
[Round "6"]
[White "Danchinov, Viktor"]
[Black "Khantuev, Alexander"]
[Result "0-1"]
[WhiteElo "2202"]
[BlackElo "2356"]
[PlyCount "128"]
[EventDate "2009.12.17"]
[EventType "tourn"]
[EventRounds "11"]
[EventCountry "RUS"]
[SourceTitle "EXT 2022"]
[Source "ChessBase"]
[SourceDate "2021.10.06"]
[SourceVersion "1"]
[SourceVersionDate "2021.10.06"]
[SourceQuality "1"]

1. d4 Nf6 2. c4 c5 3. d5 e5 4. Nc3 d6 5. e4 g6 6. Nf3 Bg7 7. h3 0-0 8. Bg5 h6 9. Be3 Nh5 10. Qd2 Kh7 11. g4 Nf4 12. Bxf4 exf4 13. Qxf4 a6 14. a4 Qe7 15. Bd3 Nd7 16. Qd2 f5 17. Qe2 fxg4 18. hxg4 Rxf3 19. Qxf3 Ne5 20. Qg3 Bxg4 21. f4 Bf3 22. fxe5 Bxh1 23. exd6 Qe5 24. Qh3 Qg5 25. Ke2 Bg2 26. Qe3 Qg4+ 27. Kd2 Bd4 28. Qe1 Rf8 29. Kc2 Rf2+ 30. Kb3 Qg3 31. d7 Qc7 32. a5 Qxd7 33. Rd1 Bh3 34. e5 Bg4 35. e6 Qe8 36. Rd2 Rf3 37. Qe4 h5 38. Rh2 Kg7 39. Re2 Rf6 40. Re1 Bf3 41. Qh4 Bg4 42. Rf1 Qf8 43. Rxf6 Qxf6 44. Qg3 Qe5 45. Qxe5+ Bxe5 46. Ne4 Bd4 47. Nd6 Kf6 48. Nxb7 g5 49. Kc2 Bf3 50. b4 cxb4 51. c5 Bxd5 52. Bxa6 b3+ 53. Kd2 Be4 54. Nd6 Bc6 55. Bc4 Bxc5 56. Nc8 Bb4+ 57. Kc1 Ba3+ 58. Kd2 b2 59. Ba2 Be4 60. Ke3 b1Q 61. Bxb1 Bxb1 62. Kd4 Kxe6 63. a6 Bb2+ 64. Ke3 Ke5 0-1

[Event "Irkutsk-ch"]
[Site "Irkutsk"]
[Date "2009.12.20"]
[Round "4"]
[White "Danchinov, Viktor"]
[Black "Goryachkin, Alexander"]
[Result "1-0"]
[WhiteElo "2202"]
[BlackElo "2064"]
[PlyCount "57"]
[EventDate "2009.12.17"]
[EventType "tourn"]
[EventRounds "11"]
[EventCountry "RUS"]
[SourceTitle "EXT 2022"]
[Source "ChessBase"]
[SourceDate "2021.10.06"]
[SourceVersion "1"]
[SourceVersionDate "2021.10.06"]
[SourceQuality "1"]

1. d4 d5 2. c4 c6 3. Nc3 Nf6 4. Nf3 e6 5. e3 Nbd7 6. Qc2 Bd6 7. Bd3 0-0 8. 0-0 dxc4 9. Bxc4 b5 10. Bd3 Bb7 11. e4 e5 12. Ne2 a6 13. dxe5 Bxe5 14. Ng3 c5 15. Nxe5 Nxe5 16. Be2 Rc8 17. f3 Ng6 18. Rd1 Qc7 19. Nf5 Rfd8 20. Be3 Qe5 21. Qc3 Qe6 22. Bxc5 Rxd1+ 23. Rxd1 Nf4 24. Bf1 Re8 25. Rd6 Qc8 26. Rxf6 gxf6 27. Nd6 Qc6 28. Nxe8 Qxe8 29. Qxf6 1-0

[Event "Irkutsk Ermolaev Memorial 3rd"]
[Site "Irkutsk"]
[Date "2009.07.09"]
[Round "6"]
[White "Samarin, Sergei"]
[Black "Danchinov, Viktor"]
[Result "1-0"]
[WhiteElo "2136"]
[BlackElo "2204"]
[PlyCount "103"]
[EventDate "2009.07.04"]
[EventType "swiss"]
[EventRounds "9"]
[EventCountry "RUS"]
[SourceTitle "EXT 2012"]
[Source "ChessBase"]
[SourceDate "2011.11.24"]
[SourceVersion "1"]
[SourceVersionDate "2011.11.24"]
[SourceQuality "1"]

1. e4 e5 2. f4 Bc5 3. Nf3 d6 4. c3 Nf6 5. d4 exd4 6. cxd4 Bb4+ 7. Bd2 Bxd2+ 8. Nbxd2 Nxe4 9. Nxe4 Qe7 10. Qe2 0-0 11. 0-0-0 c6 12. Re1 Qc7 13. Qc2 d5 14. Ned2 Qxf4 15. Bd3 g6 16. Kb1 a5 17. g3 Qd6 18. Re3 a4 19. Rhe1 a3 20. Re8 axb2 21. Nb3 Na6 22. Bxa6 Rxa6 23. Rxf8+ Qxf8 24. Qxb2 Bf5+ 25. Ka1 b6 26. Ne5 c5 27. dxc5 bxc5 28. Qc3 c4 29. Nd4 Ra3 30. Qb2 c3 31. Qb7 Bc8 32. Qxd5 Ra7 33. Nec6 Rd7 34. Qa5 h5 35. Qxc3 Rb7 36. Qa5 Kh7 37. Rb1 Qd6 38. Rxb7 Bxb7 39. Qb4 Qd7 40. Na5 Bg2 41. Nab3 Qh3 42. Qe7 Kg8 43. Qh4 Qxh4 44. gxh4 f6 45. Kb2 g5 46. Nc5 Kf7 47. Kc3 Kg6 48. a4 f5 49. Nce6 Bb7 50. hxg5 h4 51. a5 f4 52. Kd2 1-0

[Event "Irkutsk Ermolaev Memorial 3rd"]
[Site "Irkutsk"]
[Date "2009.07.08"]
[Round "5"]
[White "Shigorov, Vitaly"]
[Black "Danchinov, Viktor"]
[Result "0-1"]
[WhiteElo "1929"]
[BlackElo "2204"]
[PlyCount "64"]
[EventDate "2009.07.04"]
[EventType "swiss"]
[EventRounds "9"]
[EventCountry "RUS"]
[SourceTitle "EXT 2012"]
[Source "ChessBase"]
[SourceDate "2011.11.24"]
[SourceVersion "1"]
[SourceVersionDate "2011.11.24"]
[SourceQuality "1"]

1. e4 c5 2. Nf3 Nc6 3. d4 cxd4 4. Nxd4 Nf6 5. Nc3 e6 6. f3 d5 7. exd5 exd5 8. Bb5 Qc7 9. Be3 Bd6 10. Qd2 0-0 11. 0-0-0 a6 12. Ba4 Na5 13. Bb3 Nxb3+ 14. axb3 Re8 15. Kb1 Be6 16. h4 Rac8 17. g4 Bb4 18. Nde2 a5 19. Bd4 Nd7 20. h5 Qc6 21. Qg5 f6 22. Qh4 Be7 23. Qg3 b5 24. Be3 b4 25. Nd4 Qa6 26. Nxe6 bxc3 27. Nc7 Bd6 28. Bf4 Bxc7 29. Bxc7 Qc6 30. Bxa5 cxb2 31. Qf2 Ne5 32. Qb6 Qxc2+ 0-1

[Event "Dimitrovgrad-ch"]
[Site "Dimitrovgrad"]
[Date "2009.??.??"]
[Round "4"]
[White "Danchinov, Viktor"]
[Black "Burdyko, Alexander"]
[Result "1-0"]
[WhiteElo "2200"]
[BlackElo "2125"]
[PlyCount "77"]
[EventDate "2009.08.??"]
[EventType "swiss"]
[EventRounds "9"]
[EventCountry "RUS"]
[SourceTitle "EXT 2012"]
[Source "ChessBase"]
[SourceDate "2011.11.24"]
[SourceVersion "1"]
[SourceVersionDate "2011.11.24"]
[SourceQuality "1"]

1. d4 d5 2. c4 c6 3. Nc3 Nf6 4. e3 e6 5. Nf3 Nbd7 6. Bd3 dxc4 7. Bxc4 b5 8. Be2 a6 9. 0-0 Bb7 10. Ng5 h6 11. Nge4 Qc7 12. Bf3 c5 13. dxc5 Nxe4 14. Nxe4 Nxc5 15. Nxc5 Bxc5 16. Bxb7 Qxb7 17. Qg4 0-0 18. e4 Kh7 19. Qe2 Rfd8 20. Kh1 Rd4 21. Be3 Rc4 22. b3 Rc3 23. Bd2 Rc2 24. Qd3 Rxd2 25. Qxd2 Qxe4 26. Rac1 Qf5 27. Qc3 Be7 28. Qc6 Rd8 29. Qxa6 Bg5 30. Rcd1 Rxd1 31. Rxd1 Bf4 32. Qc6 Bxh2 33. Qf3 Qxf3 34. gxf3 Be5 35. a4 bxa4 36. bxa4 Bc3 37. Rc1 Ba5 38. Kg2 g5 39. Rc5 1-0

[Event "Dimitrovgrad-ch"]
[Site "Dimitrovgrad"]
[Date "2009.??.??"]
[Round "5"]
[White "Danchinov, Viktor"]
[Black "Samarin, Sergei"]
[Result "0-1"]
[WhiteElo "2200"]
[BlackElo "2135"]
[PlyCount "50"]
[EventDate "2009.08.??"]
[EventType "swiss"]
[EventRounds "9"]
[EventCountry "RUS"]
[SourceTitle "EXT 2012"]
[Source "ChessBase"]
[SourceDate "2011.11.24"]
[SourceVersion "1"]
[SourceVersionDate "2011.11.24"]
[SourceQuality "1"]

1. d4 c5 2. d5 e5 3. e4 d6 4. Nc3 a6 5. a4 Be7 6. Be2 Bg5 7. f4 exf4 8. Nf3 Bh4+ 9. Kf1 Bf6 10. Bxf4 Ne7 11. h3 Ng6 12. Bh2 0-0 13. g4 Re8 14. Qd3 Qb6 15. Ra3 Qxb2 16. Rb3 Qc1+ 17. Kg2 Qh6 18. Bxd6 Bxc3 19. Rxc3 Nh4+ 20. Nxh4 Qxd6 21. Rf1 Nd7 22. Nf5 Qe5 23. Qf3 Qxe4 24. Nd6 Qxf3+ 25. Rcxf3 Rxe2+ 0-1

[Event "Dimitrovgrad-ch"]
[Site "Dimitrovgrad"]
[Date "2009.??.??"]
[Round "3"]
[White "Grigoriev, E."]
[Black "Danchinov, Viktor"]
[Result "0-1"]
[WhiteElo "2235"]
[BlackElo "2200"]
[PlyCount "110"]
[EventDate "2009.08.??"]
[EventType "swiss"]
[EventRounds "9"]
[EventCountry "RUS"]
[SourceTitle "EXT 2012"]
[Source "ChessBase"]
[SourceDate "2011.11.24"]
[SourceVersion "1"]
[SourceVersionDate "2011.11.24"]
[SourceQuality "1"]

1. e4 c5 2. c3 d5 3. exd5 Qxd5 4. d4 Nc6 5. Nf3 Bg4 6. Be2 cxd4 7. cxd4 Nf6 8. Nc3 Qa5 9. 0-0 e6 10. Bf4 Bb4 11. Rc1 Bxc3 12. bxc3 Qxa2 13. c4 Qa5 14. Re1 0-0 15. Rb1 Rad8 16. Be3 Qc7 17. h3 Bh5 18. Qb3 b6 19. Rbd1 Bxf3 20. Bxf3 Na5 21. Qb1 Qxc4 22. Rc1 Qb3 23. Rc7 Rd7 24. Qc1 Qa4 25. Rc8 Rfd8 26. Bg5 Nb3 27. Rxd8+ Rxd8 28. Qc7 Qd7 29. Qg3 Kf8 30. d5 Nc5 31. Qh4 Qe7 32. Bxf6 Qxf6 33. Qxh7 Qh6 34. Qc2 exd5 35. Qa2 Qd6 36. Qxa7 d4 37. Rb1 Rb8 38. Bd5 Nd7 39. Bc4 Ne5 40. Bd5 Rc8 41. Be4 d3 42. Qa6 Rc7 43. Rd1 d2 44. Qa1 Nc4 45. Qa8+ Ke7 46. Qd5 Qf6 47. Bd3 Ne5 48. Rxd2 Rd7 49. Qe4 Rd4 50. Qb7+ Rd7 51. Qe4 Kf8 52. Qa8+ Rd8 53. Qe4 g6 54. Qb4+ Kg7 55. Bb5 Rc8 0-1

[Event "Dimitrovgrad-ch"]
[Site "Dimitrovgrad"]
[Date "2009.??.??"]
[Round "1"]
[White "Kuznetsov, Vladimir1111"]
[Black "Danchinov, Viktor"]
[Result "1-0"]
[WhiteElo "1940"]
[BlackElo "2200"]
[PlyCount "83"]
[EventDate "2009.08.??"]
[EventType "swiss"]
[EventRounds "9"]
[EventCountry "RUS"]
[SourceTitle "EXT 2012"]
[Source "ChessBase"]
[SourceDate "2011.11.24"]
[SourceVersion "1"]
[SourceVersionDate "2011.11.24"]
[SourceQuality "1"]

1. Nf3 d5 2. b3 Nf6 3. Bb2 c5 4. e3 Nc6 5. Bb5 e6 6. Ne5 Qc7 7. 0-0 Bd6 8. f4 Bd7 9. Bxc6 Bxc6 10. d3 b5 11. Nd2 Bb7 12. Qe2 0-0 13. e4 c4 14. bxc4 bxc4 15. Bd4 cxd3 16. cxd3 dxe4 17. dxe4 Bxe5 18. Bxe5 Qb6+ 19. Kh1 Ba6 20. Nc4 Qc5 21. Bxf6 gxf6 22. Qg4+ Kh8 23. Qh4 Bxc4 24. Qxf6+ Kg8 25. Rf3 Rfd8 26. Rg3+ Kf8 27. Rg7 Qh5 28. g4 Qg6 29. Rxg6 hxg6 30. Rc1 Rac8 31. f5 exf5 32. gxf5 gxf5 33. Qb2 Be6 34. Qa3+ Ke8 35. Rg1 fxe4 36. Rg8+ Kd7 37. Qxa7+ Kc6 38. Rg1 Ra8 39. Rc1+ Kb5 40. a4+ Kb4 41. Qb6+ Ka3 42. Qc5+ 1-0

[Event "Irkutsk City-ch"]
[Site "Irkutsk"]
[Date "2008.01.??"]
[Round "6"]
[White "Rozhkov, Dmitry"]
[Black "Danchinov, Viktor"]
[Result "0-1"]
[WhiteElo "2041"]
[BlackElo "2226"]
[PlyCount "46"]
[EventDate "2008.01.??"]
[EventType "tourn"]
[EventRounds "9"]
[EventCountry "RUS"]
[SourceTitle "EXT 2010"]
[Source "ChessBase"]
[SourceDate "2010.11.25"]
[SourceVersion "1"]
[SourceVersionDate "2010.11.25"]
[SourceQuality "1"]

1. d4 Nf6 2. c4 e6 3. Nc3 Bb4 4. a3 Bxc3+ 5. bxc3 c5 6. e3 Qa5 7. Bd2 Ne4 8. Bd3 Nxd2 9. Qxd2 d6 10. d5 0-0 11. Ne2 exd5 12. cxd5 b5 13. 0-0 Nd7 14. f4 Re8 15. e4 f5 16. e5 dxe5 17. Bxf5 Nf6 18. Bxc8 Raxc8 19. fxe5 Rxe5 20. Rad1 Rxd5 21. Qe3 Qb6 22. Qe7 Rxd1 23. Rxd1 Re8 0-1

[Event "Irkutsk City-ch"]
[Site "Irkutsk"]
[Date "2008.01.??"]
[Round "1"]
[White "Shelk, Alexander"]
[Black "Danchinov, Viktor"]
[Result "1-0"]
[WhiteElo "2360"]
[BlackElo "2226"]
[PlyCount "43"]
[EventDate "2008.01.??"]
[EventType "tourn"]
[EventRounds "9"]
[EventCountry "RUS"]
[SourceTitle "EXT 2010"]
[Source "ChessBase"]
[SourceDate "2010.11.25"]
[SourceVersion "1"]
[SourceVersionDate "2010.11.25"]
[SourceQuality "1"]

1. d4 Nf6 2. c4 e6 3. Nc3 d5 4. Bg5 c6 5. e3 Nbd7 6. Qc2 Qa5 7. cxd5 exd5 8. Bd3 Bd6 9. Nf3 h6 10. Bh4 0-0 11. 0-0 g5 12. Bg3 Bxg3 13. hxg3 Re8 14. Rab1 Qb4 15. Rfc1 Qd6 16. b4 b6 17. e4 dxe4 18. Nxe4 Nxe4 19. Bxe4 Rb8 20. Qxc6 Qe7 21. Bd5 Bb7 22. Qg6+ 1-0